| 000 | 00699nam a2200181 a 4500 | ||
|---|---|---|---|
| 001 | 1595 | ||
| 003 | CDMR | ||
| 005 | 20130516193226.0 | ||
| 008 | 130130s2002||||||||||||||||||||||||||||d | ||
| 040 |
_aCDMR _bcat _cCPC GIRONA |
||
| 111 | 2 |
_93444 _aConvención de Periodistas de España _n3a _cTarragona _d2002 |
|
| 245 | 1 | 0 |
_aIII Convención de Periodistas de España _b: [derecho a la información, periodistas con derechos] : ponencias y documentos _cForo de organizaciones de periodistas |
| 260 |
_aTarragona _bForo de organizaciones de periodistas _c2002 |
||
| 300 | _a55 p. | ||
| 650 | 0 | 4 |
_93445 _aPeriodisme _zEspanya _xCongressos |
| 710 | 2 |
_91199 _aForo de Organizaciones de Periodistas |
|
| 942 |
_cMON _2ddc |
||
| 999 |
_c1595 _d1595 |
||